মুসলিম বাংলা সাহিত্য পাঠ পরিক্রমা / (Record no. 48532)
[ view plain ]
| 000 -LEADER | |
|---|---|
| fixed length control field | 01118nam a2200241 a 4500 |
| 001 - CONTROL NUMBER | |
| control field | 48532 |
| 003 - CONTROL NUMBER IDENTIFIER | |
| rucl marc code | BD-RjUL |
| 005 - DATE AND TIME OF LATEST TRANSACTION | |
| control field | 20211209054535.0 |
| 008 - FIXED-LENGTH DATA ELEMENTS--GENERAL INFORMATION | |
| fixed length control field | 160814b1968 bg ||||| |||| 00| 0 ben d |
| 020 ## - INTERNATIONAL STANDARD BOOK NUMBER | |
| Terms of availability | TK.3.50 |
| 035 ## - SYSTEM CONTROL NUMBER | |
| System control number | (BD-RjUL)48651 |
| 040 ## - CATALOGING SOURCE | |
| Original cataloging agency | BD-RjUL |
| Language of cataloging | ben |
| Transcribing agency | BD-RjUL |
| 041 ## - LANGUAGE CODE | |
| Language code of text/sound track or separate title | ben |
| 082 ## - DEWEY DECIMAL CLASSIFICATION NUMBER | |
| Edition number | 23 |
| Classification number | 891.4409 |
| Author mark and year | ISM 1968 |
| 100 ## - MAIN ENTRY--PERSONAL NAME | |
| Personal name | ইসলাম, মুস্তাফা নূরউল |
| 9 (RLIN) | 146693 |
| 245 10 - TITLE STATEMENT | |
| Title | মুসলিম বাংলা সাহিত্য পাঠ পরিক্রমা / |
| Statement of responsibility, etc. | মুস্তাফা নূরউল ইসলাম |
| 260 ## - PUBLICATION, DISTRIBUTION, ETC. (IMPRINT) | |
| Place of publication, distribution, etc. | রাজশাহী : |
| Name of publisher, distributor, etc. | মিত্রসংঘ, |
| Date of publication, distribution, etc. | ১৯৬৮ |
| 300 ## - PHYSICAL DESCRIPTION | |
| Pagination | [১৬] ১৩৯ পৃ. ; |
| Size | ২২ সেমি. |
| 500 ## - GENERAL NOTE | |
| General note | "রাজশাহী বিশ্ববিদ্যালয়ের বাংলা বিভাগের অর্থানুকূল্যে প্রকাশিত" |
| 650 ## - SUBJECT ADDED ENTRY--TOPICAL TERM | |
| Topical term or geographic name as entry element | বাংলা সাহিত্য |
| General subdivision | ইতিহাস ও সমালোচনা |
| 9 (RLIN) | 146694 |
| Topical term or geographic name as entry element | Bengla Literature |
| General subdivision | History and Criticism |
| 9 (RLIN) | 122631 |
| 942 ## - ADDED ENTRY ELEMENTS (KOHA) | |
| Source of classification or shelving scheme | Dewey Decimal Classification |
| Koha item type | Books |
| Lost status | Source of classification or shelving scheme | Damaged status | Not for loan | Collection code | Permanent Location | Current Location | Shelving location | Date acquired | Source of acquisition | Cost, normal purchase price | Total Checkouts | Full call number | Date last seen | Copy number | Koha item type | Date checked out |
|---|---|---|---|---|---|---|---|---|---|---|---|---|---|---|---|---|
| Dewey Decimal Classification | Non-fiction | Central Library, University of Rajshahi | Central Library, University of Rajshahi | 18/05/1968 | Prantik | 3.50 | B 891.4409 ISM 1968 | 14/08/2016 | C-2 | Books | ||||||
| Dewey Decimal Classification | Non-fiction | Central Library, University of Rajshahi | Central Library, University of Rajshahi | 25/04/1968 | Author | 3.50 | B 891.4409 ISM 1968 | 22/10/2016 | C-3 | Books | ||||||
| Dewey Decimal Classification | Non-fiction | Central Library, University of Rajshahi | Central Library, University of Rajshahi | 25/04/1968 | Author | 3.50 | B 891.4409 ISM 1968 | 22/10/2016 | C-4 | Books | ||||||
| Dewey Decimal Classification | Non-fiction | Central Library, University of Rajshahi | Central Library, University of Rajshahi | 18/05/1968 | 3.50 | B 891.4409 ISM 1968 | 22/10/2016 | C-5 | Books | |||||||
| Dewey Decimal Classification | Non-fiction | Central Library, University of Rajshahi | Central Library, University of Rajshahi | 18/05/1968 | 3.50 | B 891.4409 ISM 1968 | 22/10/2016 | C-6 | Books | |||||||
| Dewey Decimal Classification | Non-fiction | Central Library, University of Rajshahi | Central Library, University of Rajshahi | 18/05/1968 | 3.50 | B 891.4409 ISM 1968 | 22/10/2016 | C-7 | Books | |||||||
| Dewey Decimal Classification | Non-fiction | Central Library, University of Rajshahi | Central Library, University of Rajshahi | 18/05/1968 | 3.50 | 1 | B 891.4409 ISM 1968 | 24/06/2018 | C-8 | Books | 13/05/2018 | |||||
| Dewey Decimal Classification | Non-fiction | Central Library, University of Rajshahi | Central Library, University of Rajshahi | 18/05/1968 | 3.50 | B 891.4409 ISM 1968 | 22/10/2016 | C-9 | Books | |||||||
| Dewey Decimal Classification | Non-fiction | Central Library, University of Rajshahi | Central Library, University of Rajshahi | 18/05/1968 | 3.50 | B 891.4409 ISM 1968 | 22/10/2016 | C-10 | Books | |||||||
| Dewey Decimal Classification | Not For Loan | Non-fiction | Central Library, University of Rajshahi | Central Library, University of Rajshahi | Reading Room | 18/05/1968 | 3.50 | B 891.4409 ISM 1968 | 22/10/2016 | C-1 | Books | |||||
| Dewey Decimal Classification | Non-fiction | Central Library, University of Rajshahi | Central Library, University of Rajshahi | General Stacks | 18/05/1968 | 3.50 | B 891.4409 ISM 1968 | 10/09/2025 | C-11 | Books |